00587nam a2200169 i 4500001000700000003000900007005001700016007000300033008004100036100003500077245014300112260002900255300002700284650003200311651005300343852002100396141602ES-MaACL20230906200328.0t|070925s1901 xxk |||| | eng d1 aVilliers, Jean Etienne Reenen.14aThe history of the legislation concerning real and personal property in England during the reign of Queen Victoria / cJ.E.R. de Villiers. aLondon : bClay, c1901. aXIX, 234 p. ; c19 cm. 4aPropiedad-zGran Bretaña. 4aGran Bretaña-xHistoria-y1837-1901, Victoria. aES-MaACLjC-1027